000 00269nam a2200133Ia 4500
100 _aMehta/s V.G
650 _aincome tax
942 _cBK
245 _aIncome tax Ready reconer-2014-2015
260 _b#N/A
082 _a343
_bMEH
546 _aENGLISH
999 _c29200
_d29200